| 000 | 00693nam a2200229Ia 4500 | ||
|---|---|---|---|
| 003 | OSt | ||
| 005 | 20220210114946.0 | ||
| 008 | 210716s1999 xx 000 0 und d | ||
| 020 | _a0070599300 | ||
| 040 | _cAIMIT LIBRARY | ||
| 041 | _aeng | ||
| 082 |
_a658.3 _24 _bASWK |
||
| 100 |
_aAswathappa, K. _918946 |
||
| 245 |
_aHuman resource and personnel management : _btext and cases / _cBy K Aswathappa. |
||
| 250 | _a4 | ||
| 260 |
_aNew Delhi : _bTata McGraw Hill Publishing Company Ltd ; _c2005 |
||
| 300 |
_axxxi, 686p ; _c23cm. |
||
| 650 |
_aHuman resource planning _918947 |
||
| 650 |
_aJob analysis and design _918948 |
||
| 650 |
_aSelection _918949 |
||
| 942 |
_2ddc _cBK _e4 _k658.3 ASWK |
||
| 999 |
_c199714 _d199714 |
||